| 000 | 00904cab a2200289 4500 | ||
|---|---|---|---|
| 001 | ABS47971 | ||
| 008 | 090401t1993 xxu||||| |||| 00| 0 eng d | ||
| 035 | _a(Sirsi) u64245 | ||
| 041 | _aeng | ||
| 100 | _aShaw, J.D.N. | ||
| 245 | _aConcrete decay: causes and remedies | ||
| 260 | _c1993 | ||
| 350 | _a0 | ||
| 490 |
_aConstruction Repair _v7(1) January/February 1993, 24-33(10) |
||
| 520 | _aSummarises research findings on the problem of concrete deterioration. Causes, investigation, repair and testing are aspects covered. References. | ||
| 650 | _aCARBONATION | ||
| 650 | _aCAUSES | ||
| 650 | _aCONCRETE | ||
| 650 | _aCORROSION | ||
| 650 | _aREINFORCED CONCRETE | ||
| 650 | _aREPAIR METHODS | ||
| 650 | _aRESIN REPAIR MORTARS | ||
| 690 | _aBUILDING AND CONSTRUCTION-DEFECTS AND FAILURES | ||
| 690 | _aBUILT ENVIRONMENT-BUILDING MATERIALS | ||
| 942 | _n0 | ||
| 948 | _c04/03/1997 | ||
| 999 |
_c40000 _d40000 |
||